000 00904nam a22002538a 4500
003 CO-ViMGA
005 20230915225025.0
008 070906s2009 ck a gr 0001h spa d
020 _a9789582008994
040 _aCO-ViMGA
_bspa
_cCO-ViMGA
082 0 4 _a741.5
_bP35c1
_221 ed.
100 1 _aPeña Ramos, Jorge.
_9226
245 1 0 _aComo Dibujar :
_bhistorietas, caricaturas y humor gráfico /
_cJorge Peña Ramos.
260 3 _aBogotá :
_bCooperativa Editorial Magisterio,
_c2009.
300 _a116 p. :
_bil. ;
_c24 cm.
504 _aIncluye bibliografía.
650 1 4 _aHumorismo gráfico
_v Dibujos.
_9231
650 1 4 _aHumorismo gráfico
_x Técnica.
_9232
650 1 4 _aTiras cómicas, historietas, etc.
_v Dibujos.
_9227
650 1 4 _aTiras cómicas, historietas, etc.
_x Técnica.
_9228
650 1 4 _aCaricatura
_v Dibujos.
_9229
650 1 4 _aCaricatura
_x Técnica.
_9230
942 _2ddc
_cBK
999 _c12053
_d12053